Alakananda (Record no. 3449)

MARC details
000 -LEADER
fixed length control field 00450cam a2200193ua 4500
001 - CONTROL NUMBER
control field 3610
005 - DATE AND TIME OF LATEST TRANSACTION
control field 20260515113715.0
008 - FIXED-LENGTH DATA ELEMENTS--GENERAL INFORMATION
fixed length control field 111128n ii |||gr||||Z||||||asm
040 ## - CATALOGING SOURCE
Transcribing agency MAIN
082 ## - DEWEY DECIMAL CLASSIFICATION NUMBER
Classification number 782.42
100 ## - MAIN ENTRY--PERSONAL NAME
Personal name Devi, Nalinibala,
245 11 - TITLE STATEMENT
Title Alakananda
Statement of responsibility, etc. by Nalinibala Devi
250 ## - EDITION STATEMENT
Edition statement 1st.
260 ## - PUBLICATION, DISTRIBUTION, ETC.
Place of publication, distribution, etc. Jorhat:
Name of publisher, distributor, etc. Asam sahitya sabha,967.
300 ## - PHYSICAL DESCRIPTION
Extent 255p:
Dimensions 23cm.
653 ## - INDEX TERM--UNCONTROLLED
Uncontrolled term Assamese poem
653 ## - INDEX TERM--UNCONTROLLED
Uncontrolled term Alakananda
942 ## - ADDED ENTRY ELEMENTS (KOHA)
Koha item type Books
Holdings
Withdrawn status Lost status Damaged status Not for loan Home library Current library Shelving location Date acquired Total checkouts Full call number Barcode Date last seen Copy number Price effective from Koha item type
        Naharkatiya College Library Naharkatiya College Library General stacks 09/19/2020   782.42 | DEV 7047 09/19/2020 1 09/19/2020 Books